MVP's Estrangeiros da NBA - Statistics

Estatísticas Gerais
  • Esse quiz foi jogado 272 vezes
  • A pontuação média é 9 de 10
Estatísticas das Respostas
Temporada MVP Posição País Time % Correto
21-22 Nikola Jokić Pivô(C) Sérvia Denver Nuggets
100%
20-21 Nikola Jokić Pivô(C) Sérvia Denver Nuggets
100%
19-20 Giannis Antetokounmpo Ala-pivô(PF) Grécia Milwaukee Bucks
99%
18-19 Giannis Antetokounmpo Ala-pivô(PF) Grécia Milwaukee Bucks
99%
06-07 Dirk Nowitzki Ala-pivô(PF) Alemanha Dallas Mavericks
97%
05-06 Steve Nash Armador(PG) Canadá Phoenix Suns
92%
04-05 Steve Nash Armador(PG) Canadá Phoenix Suns
92%
02-03 Tim Duncan Ala-pivô(PF) Ilhas Virgens Americanas San Antonio Spurs
90%
01-02 Tim Duncan Ala-pivô(PF) Ilhas Virgens Americanas San Antonio Spurs
90%
93-94 Hakeem Olajuwon Pivô(C) Nigéria Houston Rockets
87%
Nenhum quiz correspondente encontrado
Distribuição das Pontuações
Porcentagem de Pessoas com Cada Pontuação
Percentil de Números Respondidos
Sua Pontuação Histórica
Você não jogou esse quiz